01318naa a22002897a 4500001001000000003000900010005001700019007000300036008003400039040005400073041000900127072001300136090001800149100001600167111009600183245005100279260003900330500019200369650002200561650001800583650002100601773018900622909003600811942001400847999001900861952014800880BR9402215BR-BrBNA20240918181010.0ta230509b bl.||||| |||| 00| 0 por d aBR-BrBNAbporcBiblioteca Nacional de Agricultura a(En) aP35; P34 aP35 BR94022151 aBaver, L.D.1 a2. Congresso Latino-Americano de Biologia do SolocSanta Maria, RS (Brazil)d22-30 Jul 19681 aThe effect of organic matter on soil structure3 aSanta Maria, RS (Brasil): c1968.  aProgressos em biodinamica e produtividade do solo. Excertos de trabalhos do 2. Congresso Latino-Americano de Biologia do Solo Santa Maria, RS (Brasil): 1968. p. 191-206 (BR9402215-AM)P35  aEstrutura do Solo aMicrorganismo aMateria Organica0 tProgressos em biodinamica e produtividade do solo. Excertos de trabalhos do 2. Congresso Latino-Americano de Biologia do SolowP35 BR9402215gSanta Maria, RS (Brasil), 1968. p. 191-206 a202404bLuciac55dLucia Elande cAM2AGRIS c323107d323107 002AGRIS40708Acervo Gerala41918b41918cAgrobasel0oP34 BR9402198r2024-05-20t01yAM10d2024-04-11ePortaria Interministerial nÂș 164/94